| 000 | 00527nam a2200229Ia 4500 | ||
|---|---|---|---|
| 008 | 101110s9999 xx 000 0 und d | ||
| 041 | _aENGLISH | ||
| 082 | _bSR25086 | ||
| 100 | _aMittal D.K. | ||
| 245 | _aPractical Costing | ||
| 260 |
_c2003 _bGulgotia N,Delhi. |
||
| 300 | _a751 | ||
| 365 | _b225 | ||
| 520 | _aCommerce | ||
| 520 | _aUGC X PLAN (2002-2004) | ||
| 546 | _aENGLISH | ||
| 630 | _aPractical Costing | ||
| 650 | _aCommerce | ||
| 655 | _aCommerce | ||
| 730 | _aPractical Costing | ||
| 942 | _cBOOK | ||
| 999 |
_c817738 _d817735 |
||